Podnikateľský rozmer vybraného odvetvia kreatívneho priemyslu
Definovanie odvetvia kreatívneho priemyslu, jeho divíziu a triedu v zmysle SK NACE. Sumarizácia a zhodnotenie stredných hodnôt finančných ukazovateľov z podnikateľskej činnosti skutočne realizovanej v sledovanom období vo vybranom odvetví kreatívneho priemyslu. Podnikateľský rozmer kreatívneho odvet...
Gespeichert in:
| 1. Verfasser: | |
|---|---|
| Format: | Buchkapitel |
| Sprache: | Slowakisch |
| Schlagworte: | |
| Tags: |
Keine Tags, Fügen Sie das erste Tag hinzu!
|
MARC
| LEADER | 00000naa$a2200000$$$4500 | ||
|---|---|---|---|
| 001 | 0269385 | ||
| 005 | 20240502074224.2 | ||
| 041 | 0 | |a slo | |
| 044 | |a SK | ||
| 245 | 1 | 0 | |a Podnikateľský rozmer vybraného odvetvia kreatívneho priemyslu |
| 520 | |a Definovanie odvetvia kreatívneho priemyslu, jeho divíziu a triedu v zmysle SK NACE. Sumarizácia a zhodnotenie stredných hodnôt finančných ukazovateľov z podnikateľskej činnosti skutočne realizovanej v sledovanom období vo vybranom odvetví kreatívneho priemyslu. Podnikateľský rozmer kreatívneho odvetvia na Slovensku. | ||
| 610 | 2 | 0 | |a priemysel kreatívny |
| 610 | 2 | 0 | |a výnosy |
| 610 | 2 | 0 | |a podnikanie |
| 610 | 2 | 0 | |a Slovensko |
| 100 | 1 | |a Rybárová, Daniela, 1967- | |